000 00467cam a2200169 a 4500
020 _a0072899050 (acidfree paper)
040 _cDLC
082 _a511 WCB 1999 A060 Co.
100 1 _aRosen, Kenneth H.
245 1 0 _aDiscrete mathematics and its applications /
250 _a4th ed.
260 _aBoston :
_bWCB/McGraw-Hill,
_cc1999.
300 _axxii, 678 p. :
_bill., (some col.) ;
_c27 cm.
650 0 _aMathematics.
650 0 _aComputer science
942 _cEK
999 _c14413
_d14413